| 000 | 00872cam a2200253 4500 | ||
|---|---|---|---|
| 008 | 020426n1998 000 0 eng u | ||
| 020 | _a1859726054 | ||
| 035 | _a(Sirsi) u117692 | ||
| 041 | _aeng. | ||
| 050 | _a711.1 | ||
| 100 |
_aKivell, P. _xEditor |
||
| 245 | _aEnvironment, planning and land use | ||
| 260 |
_aAldershot _bAshgate _c1998 |
||
| 300 |
_axiii,219p. _c22cm. |
||
| 350 | _a43 | ||
| 520 | _aChapters in this book originate largely from a conference on environment, planning and land use held by the Planning and Environment Research Group of the Institute of British Geographers at the University of Keele in 1996. | ||
| 650 |
_aEnvironment _96238 |
||
| 650 |
_aLand use _96251 |
||
| 650 | _aSUSTAINABLE DEVELOPMENT | ||
| 690 |
_aPlanning and development _96259 |
||
| 700 |
_aRoberts, P. _xEditor |
||
| 700 |
_aWalker, G. _xEdtor |
||
| 942 | _n0 | ||
| 999 |
_c102049 _d102049 |
||